[Event "Canadian op"]
[Site "Edmonton"]
[Date "2009.07.11"]
[Round "1.92"]
[White "Houston, Michael"]
[Black "Kuczaj, Chris"]
[Result "1/2-1/2"]
[WhiteElo "1269"]
[BlackElo "1902"]
[PlyCount "96"]
[EventDate "2009.07.11"]
[EventType "swiss"]
[EventRounds "9"]
[EventCountry "CAN"]
[SourceTitle "EXT 2022"]
[Source "ChessBase"]
[SourceDate "2021.10.06"]
[SourceVersion "1"]
[SourceVersionDate "2021.10.06"]
[SourceQuality "1"]

1. c4 Nf6 2. Nc3 e6 3. e4 c5 4. Nf3 Nc6 5. d4 cxd4 6. Nxd4 Bb4 7. Nxc6 bxc6 8. e5 Qa5 9. Qc2 Qxe5+ 10. Be2 0-0 11. 0-0 d5 12. cxd5 cxd5 13. Bd2 Qc7 14. Rac1 Bd7 15. Nxd5 Qxc2 16. Nxf6+ gxf6 17. Rxc2 Bxd2 18. Rxd2 Bc6 19. Rc1 Rfc8 20. Rdc2 Bb7 21. a4 Rxc2 22. Rxc2 Rc8 23. Rxc8+ Bxc8 24. Kf1 Kf8 25. Ke1 Ke7 26. Kd2 Kd6 27. Bh5 Bd7 28. a5 Kc5 29. Kc3 Be8 30. b4+ Kb5 31. Be2+ Kc6 32. b5+ Kc5 33. b6 axb6 34. axb6 Kxb6 35. Kd4 Kc6 36. Bd3 Kd6 37. Bxh7 f5 38. Ke3 Ke5 39. h4 Kf6 40. Kf4 Kg7 41. Bxf5 exf5 42. Kxf5 Bd7+ 43. Kg5 Bb5 44. h5 Bd7 45. h6+ Kh7 46. f3 Bc6 47. Kf6 Bd5 48. Kg5 Bc6 1/2-1/2